Indigenous heritage and self-determination : the cultural and intellectual property rights of indigenous peoples /

Saved in:
Bibliographic Details
Main Author: Simpson, Tony.
Corporate Authors: Forest Peoples Programme., International Work Group for Indigenous Affairs.
Format: Book
Language:English
Published: Copenhagen : IWGIA, c1997.
Series:IWGIA document ; 86.
Subjects:
Tags: Add Tag
No Tags, Be the first to tag this record!
LEADER 01061nam a2200301 a 4500
001 007717566-2
005 20020606104010.5
008 980710s1997 dk b 000 0 eng d
010 |a  98168980  
020 |a 8798411039 
035 0 |a ocm38264837 
040 |a MIA  |c MIA  |d DLC 
042 |a lccopycat 
050 0 0 |a K3247  |b .S58 1997 
100 1 |a Simpson, Tony. 
245 1 0 |a Indigenous heritage and self-determination :  |b the cultural and intellectual property rights of indigenous peoples /  |c Tony Simpson on behalf of the Forest Peoples Programme. 
260 |a Copenhagen :  |b IWGIA,  |c c1997. 
300 |a 229 p. ;  |c 21 cm. 
490 1 |a Document - IWGIA,  |x 0105-4503 ;  |v no. 86 
504 |a Includes bibliographical references (p. 224-227). 
650 0 |a Indigenous peoples  |x Legal status, laws, etc. 
650 0 |a Intellectual property. 
650 0 |a Self-determination, National. 
710 2 |a Forest Peoples Programme. 
710 2 |a International Work Group for Indigenous Affairs. 
830 0 |a IWGIA document ;  |v 86. 
988 |a 20020608 
906 |0 OCLC